Slovenské tango Balbec Beach

Bibliographic Details
Main Author: Dunajcsik, Mátyás, 1983- (Author)
Other Authors: Gálová, Andrea, 1977- (Translator)
Format: Article
Language:Slovak
Hungarian
PhysicalDescription:Fotogr.
ISSN:0231-6269
Subjects:

MARC

LEADER 00000nab a2200000 a 4500
001 vtls010173251
003 SK-MaSNL
005 20260304155530.0
008 250507c2010 xo ||||||||||||00 b|slo
015 |a SNBRB2010/09  |2 snkbucl 
035 |a (uuid)697ec6fa-bd8b-467b-9fd5-f78403c2e95d 
035 |a urn:nbn:sk:snk-abc68v 
035 |a (urnnbn)urn:nbn:sk:snk:ar-004g2a 
038 |a SNKBUCL 
040 |a SNKBUCL  |b slo  |c SNKBUCL  |e AACR2 
041 1 |a slo  |h hun 
044 |a xo  |c SK 
080 |a 821.511.141-32  |2 2001 
100 1 |a Dunajcsik, Mátyás,  |d 1983-  |4 aut  |9 109870 
245 1 0 |a Slovenské tango  |b Balbec Beach  |c Mátyás Dunajcsik ; preložila Andrea Gálová 
300 |b Fotogr. 
650 0 7 |a maďarské poviedky  |2 snkbucl  |9 296245 
700 1 |a Gálová, Andrea,  |d 1977-  |4 trl  |9 1481335 
740 0 2 |a Balbec Beach 
773 0 |t Revue svetovej literatúry  |g Roč. XLVI, č. 2 (2010), s. 20-24  |x 0231-6269 
850 |a Slovenská národná knižnica 
852 |a Slovenská národná knižnica 
958 |a article15 
958 |a OND 
958 |a LX 
958 |a HU 
958 |a EUIPO 
999 |c 2962939  |d 2964869